000 00562nam a22001817a 4500
999 _c60950
_d60950
005 20231129102715.0
008 231129s1975 ru ||||| |||| 00| 0 rus d
041 _arus
080 _a902.7 Б-87
100 _aБринке, Йозеф
_920502
245 _aОкно в каменный век /
_cЙозеф Бринке.
264 _aМ.:
_bМысль,
_c1975.
300 _a206 с.
_bил.
_c20 см.
653 _aისტორია
653 _aქვის ხანა
653 _aექსპედიცია
942 _2udc
_cᲬᲘᲒᲜᲘ